00477nam a2200157Ia 45000030006000000080041000060400015000471000017000622450025000792600031001045460012001359420012001479990017001590050017001769520126001930STCL150530s9999 xx 000 0 und d aSTCLcSTCL aThomas Hardy aReturn of the native bNew American libraryc1959 aEnglish 2ddccBK c58002d5800220220125171039.0 00102ddc4070aSTCALbSTCALcGENd2015-05-30g4.00l1o823-1866p24142r2017-09-13 00:00:00s2017-08-30w2015-05-30yBK